000 00471nam a2200193 a 4500
001 1757587867665
003 ACL
005 20250911162236.0
008 250911s2004##################000#0#eng##
020 _a9780231131452
082 0 4 _a791.0954
_bSCH
100 1 _aSchwartz, Susan L.,
_eauthor.
245 1 0 _aRasa :
260 _bColumbia University Press,
_c2004.
300 _a138 pages
650 0 _aSocial Science.
942 _cENGLISH
040 _aACL
_beng
_cACL
999 _c586554
_d586554